000 00962nac a22002771i 4500
003 EG-ScBUE
005 20250817093513.0
008 250817s1997 enka f b 001 0 eng d
020 _a0582074843
020 _a9780582074842
040 _aEG-ScBUE
_beng
_erda
_cEG-ScBUE
_dEG-ScBUE
082 0 4 _a547.139
_bPAG
_222
100 1 _aPage ,Michael,
_eauthor.
245 1 0 _aOrganic and bio-organic mechanisms /
_cMichael Page, The University of Huddersfield and Andrew Williams, The University of Kent.
264 1 _aHarlow :
_bLongman,
_c1997.
300 _ax, 298 pages :
_billustrations ;
_c24 cm
336 _2rdacontent
_atext
_btxt
337 _aunmediated
_2rdamedia
_bn
338 _avolume
_bnc
_2rdacarrier
504 _aIncludes bibliographical references and index.
650 7 _aChemistry, Organic.
_2BUEsh
650 7 _aChemical reactions.
_2BUEsh
655 _vReading book
700 1 _aWilliams, Andrew,
_eauthor.
942 _cBB
_2ddc
999 _c2661
_d2661